000 00287nam a22001337a 4500
008 170504b xxu||||| |||| 00| 0 eng d
020 _a9781588266279
041 _aeng
080 _23RD
_a34
100 _a14
101 _ashj
245 _aINTERNATIONAL LAW
_cKU, CH
942 _2udc
_cBK
999 _c12642
_d12642